00377nam a2200133Ia 4500008004100000020001600041040001200057082001400069100002500083245006300108250001200171260004700183300001300230200103s9999||||xx |||||||||||||| ||und|| a0340589167, aIMU-MPC aColumn-46 aHiggins, Raymond A.  0aEngineering Metallurgy Part 1- Applied Physical Metallurgy a6th Ed. bEducational Low-Priced Books Scheme c1993 axiv, 550